Návrh robustných PID regulátorov pre riadenie neminimálne fázových systémov diplomová práca

Enregistré dans:
Détails bibliographiques
Auteur principal: Peterková, Katarína
Format: Livre
Langue:slovaque
Publié: Bratislava STU FCHPT 2013
Accès en ligne:Voir à l'OPAC
Tags: Ajouter un tag
Pas de tags, Soyez le premier à ajouter un tag!

MARC

LEADER 00000nam a2200000 a 4500
005 20260127133947.0
008 130815 2013 000 0 slo d
035 |a vtls010535625 
039 9 |y 201308151322  |z mschk03 
040 |a STUSCHK1  |b slo  |c STUSCHK1  |e AACR2 
100 1 |a Peterková, Katarína 
245 1 |a Návrh robustných PID regulátorov pre riadenie neminimálne fázových systémov  |b diplomová práca  |c 2013 
260 |a Bratislava  |b STU FCHPT  |c 2013 
300 |a 61 s.  |b il.  |c 30 cm 
500 |a Obhájené: 11.06.2013 
500 |a Štud. odbor: Automatizácia 
500 |a Škol. pracovisko: Odd. informatizácie a riadenia procesov 
500 |a Evid. číslo: FCHPT-5414-50938 
910 |a SCHK95 
999 |c 962  |d 962